000 00313nam a22001337a 4500
008 170127b xxu||||| |||| 00| 0 eng d
020 _a9780826120847
041 _aeng
080 _27TH
_a61
100 _a3
101 _aSHM
245 _aHEALTH CARE DELIVERY IN THE UNITED STATES
_cKOVNER, A.R
942 _2udc
_cBK
999 _c3883
_d3883